Southville International School and Colleges
Your cart is empty.
  • Cart
  • Lists
    Public lists Eva Luna New books Lux_list list_1
    Your lists Log in to create your own lists
  • Log in to your account
  • Your cookies
  • Search history
Southville International School and Colleges
  • Advanced search
  • Recent comments
  • Most popular
  • Libraries

Log in to your account

Log in with GOOGLE


If you do not have an external account, but do have a local account, you can still log in:

  1. Home
  2. MARC view: Handbook of extemporaneous preparation :
Normal view MARC view ISBD view

Handbook of extemporaneous preparation : (Record no. 14120)

[ view plain ]
MARC details
000 -LEADER
fixed length control field 00573nam a22001577a 4500
003 - CONTROL NUMBER IDENTIFIER
control field OSt
005 - DATE AND TIME OF LATEST TRANSACTION
control field 20140310182530.0
008 - FIXED-LENGTH DATA ELEMENTS--GENERAL INFORMATION
fixed length control field 130220t xxu||||| |||| 00| 0 eng d
020 ## - INTERNATIONAL STANDARD BOOK NUMBER
International Standard Book Number 9780853699019
050 ## - LIBRARY OF CONGRESS CALL NUMBER
Classification number RS 200
Item number .H236 2010
245 ## - TITLE STATEMENT
Title Handbook of extemporaneous preparation :
Remainder of title a guide to pharmaceutical compounding /
Statement of responsibility, etc edited by Mark Jackson, Andrew Lowey, on behalf of the NHS Pharmaceutical Quality Assurance Committee.
260 ## - PUBLICATION, DISTRIBUTION, ETC. (IMPRINT)
Place of publication, distribution, etc Chicago :
Name of publisher, distributor, etc Pharmaceutical Press,
Date of publication, distribution, etc c2010.
300 ## - PHYSICAL DESCRIPTION
Extent 464 p. :
Other physical details ill. ;
Dimensions 24 cm.
942 ## - ADDED ENTRY ELEMENTS (KOHA)
Source of classification or shelving scheme Library of Congress Classification
Koha item type
Holdings
Withdrawn status Lost status Source of classification or shelving scheme Damaged status Home library Current library Shelving location Date acquired Source of acquisition Total Checkouts Full call number Barcode Date last seen Copy number Price effective from Koha item type
    Library of Congress Classification   South SEED-LPDH College Library South SEED-LPDH College Library South SEED-LPDH College Section 08/13/2013 Donation   RS 200 .H236 2010 SSLC0900 04/20/2017 1 08/13/2013 Books

Handbook of extemporaneous preparation :

APA

(2010). Handbook of extemporaneous preparation. Chicago: Pharmaceutical Press.

Chicago

2010. Handbook of extemporaneous preparation. Chicago: Pharmaceutical Press.

Harvard

(2010). Handbook of extemporaneous preparation. Chicago: Pharmaceutical Press.

MLA

Handbook of extemporaneous preparation. Chicago: Pharmaceutical Press. 2010.

  • Place hold
  • Print
  • Cite
  • Add to your cart (remove)
  • Save record
    BIBTEX Dublin Core MARCXML MARC (non-Unicode/MARC-8) MARC (Unicode/UTF-8) MARC (Unicode/UTF-8, Standard) MODS (XML) RIS
  • More searches
    Search for this title in:
    Other Libraries (WorldCat) Other Databases (Google Scholar) Online Stores (Bookfinder.com) Open Library (openlibrary.org)

Exporting to Dublin Core...

SOUTHVILLE LIBRARY

Southville International School and Colleges Library

1281 Tropical Ave. Cor. Luxembourg St., BF Homes International, Las Pinas City

Tel. No. 8256374 / 252358 Loc. 117/146

Powered by Koha